African Christian theology (Record no. 20231)

MARC details
000 -LEADER
fixed length control field 00360nam a22001337a 4500
008 - FIXED-LENGTH DATA ELEMENTS--GENERAL INFORMATION
fixed length control field 230815b |||||||| |||| 00| 0 eng d
020 ## - INTERNATIONAL STANDARD BOOK NUMBER
International Standard Book Number 978-1594527456
050 ## - LIBRARY OF CONGRESS CALL NUMBER
Classification number BT30
Item number .G44 2018
100 ## - MAIN ENTRY--PERSONAL NAME
Personal name Gehman, Richard J.
245 ## - TITLE STATEMENT
Title African Christian theology
Statement of responsibility, etc. Richard J. Gehman
260 ## - PUBLICATION, DISTRIBUTION, ETC. (IMPRINT)
Name of publisher, distributor, etc. Oasis International LTD
Date of publication, distribution, etc. 2018
300 ## - PHYSICAL DESCRIPTION
Extent 199p.
942 ## - ADDED ENTRY ELEMENTS (KOHA)
Source of classification or shelving scheme Library of Congress Classification
Koha item type General Collection
Holdings
Withdrawn status Lost status Source of classification or shelving scheme Not for loan Home library Current library Date acquired Cost, normal purchase price Inventory number Total Checkouts Full call number Barcode Date last seen Price effective from Koha item type
    Library of Congress Classification   Kabarak, Main Campus Kabarak, Main Campus 15/08/2023 1300.00 0341/2022   BT30 .G44 2018 C.1 032454 02/08/2024 15/08/2023 General Collection
Designed with assistance from East African Informatics Ltd